|
|
|
|
| LEADER |
00000cam a2200000 7i4500 |
| 001 |
0000002444 |
| 002 |
000002664 |
| 005 |
20000330.0 |
| 020 |
|
|
|a 0071002839
|
| 090 |
0 |
0 |
|a 006.3
|b ROL
|
| 100 |
1 |
|
|a Rolston, David W
|
| 245 |
1 |
0 |
|a Principles of artificial intelligence and expert systems development
|c David W.Rolston
|
| 260 |
|
|
|a New York :
|b McGraw Hill ,
|c 1988
|
| 300 |
|
|
|a 257 p. :
|b ill. ;
|c 22 cm.
|
| 490 |
0 |
|
|a Computer Science Series
|
| 650 |
0 |
0 |
|a Computer software
|x Development
|
| 650 |
0 |
0 |
|a Expert systems (Computer science)
|
| 999 |
|
|
|a 035843
|b BUKU
|c PINJAMAN
|e PERPUSTAKAAN KOMUNITI PETALING JAYA
|
| 999 |
|
|
|a 035844
|b BUKU
|c PINJAMAN
|e PERPUSTAKAAN KOMUNITI PETALING JAYA
|